| 000 | 00817cab a2200217 4500 | ||
|---|---|---|---|
| 001 | E1843 | ||
| 008 | 090401t1993 xxu||||| |||| 00| 0 eng d | ||
| 035 | _a(Sirsi) u35998 | ||
| 041 | _aeng | ||
| 245 | _aCumbernauld and Kilsyth District Council v Dollar Land (Cumbernauld) Ltd | ||
| 260 | _c1993 | ||
| 350 | _a0 | ||
| 490 |
_aScottish Civil Law Reports _v1993 SCLR 798-800(3) |
||
| 520 | _aHeritable property - right of way - prescriptive use - user over artificial structure - constitution of public right of way - user by right - Prescription and Limitation (Scotland) Act 1973 (c.52), s.3(3). | ||
| 650 | _aHERITABLE PROPERTY | ||
| 650 | _aPRESCRIPTION AND LIMITATION (SCOTLAND) ACT 1973 | ||
| 650 | _aRIGHT OF WAY | ||
| 690 | _aHIGHWAYS AND RIGHTS OF WAY-CASE LAW | ||
| 942 | _n0 | ||
| 948 | _c04/03/1997 | ||
| 999 |
_c23516 _d23516 |
||